000 01960nam a2200361 i 4500
001 153677
003 ES-MaACL
005 20260215175442.0
008 931025s1767 ne |||| | lat d
040 _aCAM
_bspa
_cPAB
100 1 _aErpenius, Thomas.
_947422
245 1 0 _aThomae Erpenii Grammatica arabica
_b: cum Fabulis Lokmani etc. : accedunt Excerpta anthologiae veterum arabiae poetarum, quae inscribitur Hamasa Abi Temmam ...c / edita, conversa et notis illustrata ab Alberto Schultens...
250 _aEditio secunda cum indice locupletiore.
260 _aLugduni Batavorum :
_bapud Samuelem et Joannem Luchtmans...,
_c1767.
300 _a[14], CXXXII, 603, [69] p. ;
_c4º.
505 8 _aContiene: Fabulae Lokmani sapientis et quaedam dicta arabum / cum interpretatione latina Thomae Erpenii, ejusdem notulis et stricturis Jacobi Golii, (p. [205]-275, con portadilla) ; Excerpta ex anthologia veterum poetarum quae inscribitur Hamasa Abi Temmam, ex ms. Biblioth. Academ. Lugd. Batav. edidit et notulis auxit Albertus Schultens, (p. [303]-603, con portadilla)
530 _aDisponible en formato digital.
546 _aTexto en latín y árabe.
594 _aMencion de los autores arabes tomada de BLC y NUC.
597 _aSign.: a-r4, s², t4-¹, A-4P4.
597 _aPort. con grab. calc.
597 _aEsc. calc. en la dedicatoria.
650 4 _aLengua árabe-
_xGramática-
_vObras anteriores a 1800.
_9155039
650 7 _aPoesía árabe-
_ys. XVIII
_2
_9155246
700 1 _aAbu Tammam, Habib b. Aws al-Ta'i,
_dfl. 808-842
_9155247
700 1 _aLokman,
_ccel Sabio.
_tFabulae.
_9155248
700 1 _aSchultens, Albert,
_d1686-1750
_9155249
700 1 _aGolius, Jacobus.
_9155250
852 _aES-MaACL
_jR-351
_z-- Enc. pasta española
_x Olim: B-5689
856 _uhttp://bdh-rd.bne.es/viewer.vm?id=0000113283&page=1
_zBiblioteca Digital Hispánica
999 _c153677
_d153677